| 000 | 00581 a2200217 4500 | ||
|---|---|---|---|
| 001 | 63917 | ||
| 005 | 20260407155938.0 | ||
| 008 | 260407a1970 arg spa d | ||
| 003 | AR-UNSa-BCEJYS | ||
| 040 |
_aAR-UNSa-BCEJYS _bspa _cAR-UNSa-BCEJYS |
||
| 080 |
_a658.012 _xMétodos (Management...) |
||
| 245 | 1 | 0 | _aLa historia del management |
| 264 | 1 |
_aBarcelona : _bOikos-tau _c1970 |
|
| 300 |
_a196 p. _c19 cm. |
||
| 041 | _aspa | ||
| 942 | _cBK | ||
| 590 | _aniveau_biblio:m niveau_hierar:0 | ||
| 100 | 1 | _aUrwick, L. | |
| 700 | 1 | _aBrech, E.F.L. | |
| 700 | 1 | _aSolé Puig, Carlota | |
| 999 |
_c8355 _d8355 |
||